| 000 | 01001cam a2200241Ia 4500 | ||
|---|---|---|---|
| 082 | 0 | 4 |
_a628.162 _bWAT _cL-NUST, P-07 |
| 245 | 0 | 0 |
_aWater quality monitoring _ba practical guide to the design and implementation of freshwater quality studies and monitoring programmes / _cedited by Jamie Bartram and Richard Ballance. |
| 250 | _a1st ed. | ||
| 260 |
_aLondon ; _aNew York : _bE & FN Spon, _c1996. |
||
| 300 |
_axii, 383 p. : _bill. |
||
| 500 | _aPublished on behalf of United Nations Environment Programme, World Health Organization. | ||
| 526 |
_a0 _b0 _c0 _d628_162000000000000_WAT |
||
| 650 | 0 |
_aMCE _9379 |
|
| 650 | 0 |
_aWater quality _xMeasurement. _96132 |
|
| 650 | 0 |
_aWater _xAnalysis. _96133 |
|
| 700 | 1 |
_aBallance, Richard. _96135 |
|
| 700 | 1 |
_aBartram, Jamie. _96134 |
|
| 710 | 2 |
_aebrary, Inc. _9622 |
|
| 710 | 2 |
_aUnited Nations Environment Programme. _96136 |
|
| 710 | 2 |
_aWorld Health Organization. _96137 |
|
| 856 | 4 | 0 | _uhttp://www.columbia.edu/cgi-bin/cul/resolve?clio6798731 |
| 942 |
_2ddc _cBK |
||
| 999 |
_c548097 _d548097 |
||